01387nam a2200337 a 4500001001200000003000800012006001900020007001500039008004100054020001800095020002700113040002100140035002100161050002500182082001500207100002100222245014100243260004300384300005200427490001500479504005100494533015200545588009500697650002600792650002600818655002900844710001700873830001600890856012600906999001701032ebr10694929CaPaEBRm o u cr cn|||||||||150303s2013 enka sb 001 0 eng d z9780470973318 z9781118570128 (e-book) aCaPaEBRcCaPaEBR a(OCoLC)84190974514aNA2750b.H467 2013eb04a720.472231 aHensel, Michael.10aPerformance-oriented architectureh[electronic resource] :brethinking architectural design and the built environment /cMichael Hensel. aWest Sussex, England :bWiley,cc2013. a1 online resource (152 p.) :bill. (some col.).1 aAD Primers aIncludes bibliographical references and index. aElectronic reproduction.bPalo Alto, Calif. :cebrary,d2015.nAvailable via World Wide Web.nAccess may be limited to ebrary affiliated libraries. aDescription based on online resource; title from title page (ebrary, viewed May 21, 2013). 0aArchitectural design. 0aArchitecture, Modern. 7aElectronic books.2local2 aebrary, Inc. 0aAD primers.40uhttp://site.ebrary.com/lib/rucke/Doc?id=10694929zAn electronic book accessible through the World Wide Web; click to view c23832d23832